| 000 | 00979cam a22002895a 4500 | ||
|---|---|---|---|
| 003 | EG-ScBUE | ||
| 005 | 20220418100710.0 | ||
| 008 | 180828s1997 stka f b 001 0 eng d | ||
| 020 | _a0748608354 | ||
| 020 | _a9780748608355 | ||
| 040 |
_aEG-ScBUE _beng _erda _cEG-ScBUE _dEG-ScBUE |
||
| 082 | 0 | 4 |
_a420.9031 _bBAR _222 |
| 100 | 1 |
_aBarber, Charles Laurence, _eauthor. _940504 |
|
| 245 | 1 | 0 |
_aEarly modern English / _cCharles Barber. |
| 264 | 1 |
_aEdinburgh : _bEdinburgh University Press, _c1997. |
|
| 300 |
_aviii, 280 pages : _billustrations ; _c24 cm |
||
| 336 |
_2rdacontent _atext _btxt |
||
| 337 |
_2rdamedia _aunmediated _bn |
||
| 338 |
_2rdacarrier _avolume _bnc |
||
| 500 | _aPrevious ed.: London : Andre Deutsch, 1976. | ||
| 504 | _aIncludes bibliographical references and index. | ||
| 650 | 7 |
_aEnglish language _yEarly modern, 1500-1700 _xHistory. _2BUEsh |
|
| 651 | _2BUEsh | ||
| 653 |
_bHHUUEENN _cAugust2018 |
||
| 655 |
_vReading book _934232 |
||
| 942 |
_2ddc _cBB |
||
| 999 |
_c9410 _d9410 |
||